| 000 | 00494nam a2200193Ia 4500 | ||
|---|---|---|---|
| 005 | 20221213110954.0 | ||
| 008 | 131103s9999 xx 000 0 und d | ||
| 020 | _cRs.7 | ||
| 040 | _aLoreto College | ||
| 041 | _aEnglish | ||
| 082 |
_a812.09 _bGOU |
||
| 100 | _aGould,Jean | ||
| 245 |
_aModern American Playwrights _cJean Gould |
||
| 260 |
_aBombay _bPopular Prakashan _c1969 |
||
| 300 | _ax,302 p. | ||
| 504 | _aAmerican Drama - History and Criticism | ||
| 850 | _aLCLIB | ||
| 942 | _cBK | ||
| 999 |
_c11721 _d62200 |
||